000 00932nam a2200217 4500
001 108608
003 ES-MaACL
005 20250610161239.0
007 t|
008 061121s1971 sp r ||||1| spa d
100 1 _aMonteverde, José Luis.
_982619
245 1 0 _aMonasterio de las Huelgas y Palacio de la Isla, de Burgos y Monasterio de Santa Clara, de Tordesillas (Valladolid)
_b: guía turística /
_ccomentario y notas: Monasterio de la Huelgas: José Luis Monteverde, Palacio de la Isla: Tomás Borrás y Monasterio de Santa Clara: Angel Oliveras Guart.
260 _aMadrid :
_bPatrimonio Nacional,
_c1971.
300 _a62 p., 24 láms. ;
_c17 cm.
490 1 _aGuías turísticas Patrimonio Nacional
700 1 _aBorrás, Tomás,
_d1891-1976
_930556
700 1 _aOliveras Guart, Angel.
_986863
830 0 _aGuías turísticas Patrimonio Nacional
_9184323
852 _aES-MaACL
_jL-5537
999 _c108608
_d108608